000 00877nas a2200289 4500
001 BR2013002685
003 BR-BrBNA
005 20231205122148.0
007 ta
008 230509b bl.|||p| |||| 00| 00por d
040 _aBR-BrBNA
_bpor
_cBiblioteca Nacional de Agricultura
041 _a(Es)
072 _aL20
100 1 _aTizón, F.R.
100 1 _aPeláez, D.V.
100 1 _aElía, O.R.
245 1 _aEfecto de los cortafuegos sobre el ensamble de hormigas (Hymenoptera, Formicidae)en una región semiárida, Argentina
650 _aSOLO
650 _aDISTÚRBIO
650 _aFORMIGA
650 _aHYMENOPTERO
650 _aCOMPORTAMENTO ANIMAL
650 _aNINHO
773 0 _tIheringia. Série Zoologia (Brazil)
_xISSN 0073-4721
_g(Sep 2010), v. 100(3) p. 216-221
_wBR2013002685
909 _a202311
_bLúcia
_c55
_dLúcia Elande
942 _2AGRIS
_n0
_cANA
999 _c227229
_d227229